EFL Championship Last Ten Winners - Statistics

General Stats
  • This quiz has been taken 172 times
    39 since last reset
  • The average score is 10 of 20
Answer Stats
Answer % Correct
Leeds United
100%
Leicester City
85%
Burnley
82%
Ipswich Town
82%
Burnley
68%
Sheffield United
59%
Fulham
56%
Norwich City
56%
Leeds United
53%
Bournemouth
47%
Norwich City
47%
Cardiff City
41%
Sheffield United
38%
Watford
38%
West Bromwich Albion
38%
Newcastle United
35%
Wolverhampton Wanderers
35%
Brighton & Hove Albion
29%
Burnley
24%
Middlesbrough
24%
No matching quizzes found
Score Distribution
Percent of People with Each Score
Percentile by Number Answered
Your Score History
You have not taken this quiz since the last reset